[Event "St Petersburg Korchnoi Memorial op"]
[Site "St Petersburg"]
[Date "2018.08.20"]
[Round "6"]
[White "Kuzmin, Andrey"]
[Black "Gubin, Ivan"]
[Result "1-0"]
[WhiteElo "1690"]
[BlackElo "1000"]
[PlyCount "47"]
[EventDate "2018.08.15"]
[EventType "swiss"]
[EventRounds "9"]
[EventCountry "RUS"]
[SourceTitle "CBM 186 Extra"]
[Source "ChessBase"]
[SourceDate "2018.08.24"]
[SourceVersion "1"]
[SourceVersionDate "2018.08.24"]
[SourceQuality "1"]

1. e4 c5 2. Nc3 d6 3. g3 Nf6 4. Bg2 Nc6 5. d3 e6 6. Nge2 Be7 7. 0-0 0-0 8. h3 e5 9. f4 exf4 10. Nxf4 a6 11. Be3 b5 12. Ncd5 Be6 13. Nxe6 fxe6 14. Nxe7+ Nxe7 15. Bg5 h6 16. Bxf6 Rxf6 17. Rxf6 gxf6 18. Qg4+ Kf7 19. Qh5+ Kg7 20. e5 Qe8 21. exf6+ Kxf6 22. Qxh6+ Ng6 23. Rf1+ Ke7 24. Qg7+ 1-0